Truyện cổ Pu Péo

Giới thiệu 25 câu chuyện dân gian phản ánh cách cảm nhận, suy nghĩ và đời sống dân tộc Pu Péo

Guardado en:
Detalles Bibliográficos
Autor principal: Lê, Trung Vũ
Formato: Libro
Lenguaje:Undetermined
Publicado: Hà Nội Hội nhà văn 2018
Materias:
Etiquetas: Agregar Etiqueta
Sin Etiquetas, Sea el primero en etiquetar este registro!
Thư viện lưu trữ: Trung tâm Học liệu Trường Đại học Cần Thơ
LEADER 00688nam a2200193Ia 4500
001 CTU_228817
008 210402s9999 xx 000 0 und d
082 |a 398.209597 
082 |b V500 
100 |a Lê, Trung Vũ 
245 0 |a Truyện cổ Pu Péo 
245 0 |c Lê Trung Vũ 
260 |a Hà Nội 
260 |b Hội nhà văn 
260 |c 2018 
520 |a Giới thiệu 25 câu chuyện dân gian phản ánh cách cảm nhận, suy nghĩ và đời sống dân tộc Pu Péo 
650 |a Văn học dân gian Việt Nam,Folk literature, Vietnamese 
910 |b nthai 
980 |a Trung tâm Học liệu Trường Đại học Cần Thơ